<?xml version="1.0" encoding="UTF-8"?><?xml-stylesheet type="text/xsl" href="static/style.xsl"?><OAI-PMH xmlns="http://www.openarchives.org/OAI/2.0/" xmlns:xsi="http://www.w3.org/2001/XMLSchema-instance" xsi:schemaLocation="http://www.openarchives.org/OAI/2.0/ http://www.openarchives.org/OAI/2.0/OAI-PMH.xsd"><responseDate>2026-06-04T04:58:45Z</responseDate><request verb="GetRecord" identifier="oai:recam.amb.cat:20.500.14439/2005" metadataPrefix="marc">https://recam.amb.cat/rest/oai/request</request><GetRecord><record><header><identifier>oai:recam.amb.cat:20.500.14439/2005</identifier><datestamp>2025-01-22T11:25:24Z</datestamp><setSpec>com_20.500.14439_124</setSpec><setSpec>col_20.500.14439_136</setSpec></header><metadata><record xmlns="http://www.loc.gov/MARC21/slim" xmlns:dcterms="http://purl.org/dc/terms/" xmlns:xsi="http://www.w3.org/2001/XMLSchema-instance" xmlns:doc="http://www.lyncode.com/xoai" xsi:schemaLocation="http://www.loc.gov/MARC21/slim http://www.loc.gov/standards/marcxml/schema/MARC21slim.xsd">
   <leader>00925njm 22002777a 4500</leader>
   <datafield ind2=" " ind1=" " tag="042">
      <subfield code="a">dc</subfield>
   </datafield>
   <datafield ind2=" " ind1=" " tag="720">
      <subfield code="a">Institut d'Estudis Regionals i Metropolitans de Barcelona</subfield>
      <subfield code="e">author</subfield>
   </datafield>
   <datafield ind2=" " ind1=" " tag="260">
      <subfield code="c">2019-12-01</subfield>
   </datafield>
   <datafield ind2=" " ind1=" " tag="520">
      <subfield code="a">El objectiu d’aquest projecte és obtenir una primera quantificació de la contribució a la innovació tecnològica local en funció de les característiques dels inventors. Per una banda, es vol arribar a quantificar la contribució del talent estranger a la capacitat innovadora tecnològica a la metròpoli de Barcelona, mesurat mitjançant la participació d’inventors estrangers en les patents que es registren en aquest àmbit territorial. D’altra banda, es vol identificar com es distribueix el gènere en les activitats de innovació tecnològica registrada mitjançant patents en el territori de la metròpoli de Barcelona. En els dos casos, es vol analitzar aquesta participació per nacionalitat i per gènere en funció dels sectors i camps tecnològics de les invencions, per contrastar si existeix un patró diferencial.</subfield>
   </datafield>
   <datafield ind1="8" ind2=" " tag="024">
      <subfield code="a">https://hdl.handle.net/20.500.14439/2005</subfield>
   </datafield>
   <datafield ind1="8" ind2=" " tag="024">
      <subfield code="a">8884424</subfield>
   </datafield>
   <datafield tag="653" ind2=" " ind1=" ">
      <subfield code="a">Dones</subfield>
   </datafield>
   <datafield tag="653" ind2=" " ind1=" ">
      <subfield code="a">Igualtat</subfield>
   </datafield>
   <datafield ind2="0" ind1="0" tag="245">
      <subfield code="a">Diferències de gènere en l'activitat innovadora</subfield>
   </datafield>
</record></metadata></record></GetRecord></OAI-PMH>